| 000 | 00618nam a2200217Ia 4500 | ||
|---|---|---|---|
| 005 | 20260429111953.0 | ||
| 008 | 260429s9999||||xx |||||||||||||| ||und|| | ||
| 020 | _a9789819801008 | ||
| 041 | _aEnglish | ||
| 082 |
_a515.0285 _bLIU |
||
| 100 | _aLiu, G.R. | ||
| 245 | 0 |
_aCalculus : _bformulations and solutions with python / _cG.R. Liu |
|
| 260 |
_aSingapore : _bWorld Scientific Publishing, _c2025. |
||
| 300 | _axviii, 374 p.; hb | ||
| 440 | _aSeries in computational methods; v. 2 | ||
| 650 | _a Calculus | ||
| 650 | _a Mathematical analysis | ||
| 650 | _a Python | ||
| 650 | _aMathematics | ||
| 942 | _cTB | ||
| 999 |
_c51683 _d51683 |
||